Países más cercanos a Albania - Estadísticas

Estadísticas generales
  • Esta prueba ha sido intentada 190 veces
  • La puntuación promedio es 18 de 20
Estadísticas de respuestas
km país % Correcto
0 Grecia
99%
0 Macedonia del Norte
99%
38 Serbia
99%
70 Croacia
98%
0 Montenegro
98%
76 Bosnia y Herzegovina
97%
148 Bulgaria
97%
73 Italia
97%
0 Kosovo
97%
266 Rumania
96%
467 Eslovenia
95%
357 Hungría
94%
420 Turquía
92%
574 Eslovaquia
90%
532 Austria
89%
570 Ciudad del Vaticano
87%
587 San Marino
87%
640 Ucrania
83%
638 Malta
82%
698 Czechia
1%
No se encontraron pruebas coincidentes
Distribución de puntuación
Porcentaje de gente con cada puntuación
Porcentaje por número respondido
Historial de tus puntuaciones
No has intentado esta prueba.